| 000 | 00678nam a2200205Ia 4500 | ||
|---|---|---|---|
| 003 | SISC | ||
| 005 | 20160819083742.0 | ||
| 008 | 140321s9999 xx 000 0 und d | ||
| 020 | _a9780415668866 | ||
| 050 |
_aG 156.5.E58 _b.Sc46 2012 |
||
| 100 | _aScott, Daniel. | ||
| 245 |
_aTourism and climate change : _b impacts, adaptation and mitigation / _cDaniel Scott, C. Michael Hall and Stefan Gossling. |
||
| 260 |
_aNew York : _bRoutledge, _c2012. |
||
| 300 |
_a440 pages : _bill. ; _c26 cm. |
||
| 500 | _aIncludes bibliographical references and index. | ||
| 650 | _aClimatic changes. | ||
| 650 |
_aTourism _xEnvironmental aspects. |
||
| 942 |
_kFOR _cBK _2lcc |
||
| 999 |
_c48260 _d48260 |
||